000 00619nam a22001937a 4500
005 20250514151908.0
010 _aENG-144928
020 _c699.00
_a9789392568787
035 _aEN-128460
037 _bDBAD
082 _a001.42
100 _aSharma, Divya
_981189
245 _aIntroduction to Research Methodology in Education
_cBy Divya Sharma And ROli Tiwari
260 _aChhattisgarh
_bAditi Publication
_c2024
270 _aOpp. New Panchajanya Vidya Mandir, Near Tiranga Chowk, Kushalpur,Raipur
_bChhattisgarh
300 _a338p
_c21(pb)
760 _b1
942 _2ddc
_cEN
_h001.42
_mSHA
999 _c211280
_d211280